|
|
|
|
| LEADER |
02863nam a2200469 a 4500 |
| 001 |
EBC1207557 |
| 003 |
MiAaPQ |
| 005 |
20200520144314.0 |
| 006 |
m o d | |
| 007 |
cr cn||||||||| |
| 008 |
121129s2013 nyua sb 001 0 eng d |
| 010 |
|
|
|z 2012047900
|
| 020 |
|
|
|z 9780415674119 (hbk.)
|
| 020 |
|
|
|a 9780203694213 (electronic bk.)
|
| 035 |
|
|
|a (MiAaPQ)EBC1207557
|
| 035 |
|
|
|a (Au-PeEL)EBL1207557
|
| 035 |
|
|
|a (CaPaEBR)ebr10717454
|
| 035 |
|
|
|a (CaONFJC)MIL495013
|
| 035 |
|
|
|a (OCoLC)849246315
|
| 040 |
|
|
|a MiAaPQ
|c MiAaPQ
|d MiAaPQ
|
| 043 |
|
|
|a a------
|
| 050 |
|
4 |
|a HD5715.5.A78
|b W67 2013
|
| 082 |
0 |
4 |
|a 331.25/92095
|2 23
|
| 245 |
0 |
0 |
|a Workforce development and skill formation in Asia
|h [electronic resource] /
|c edited by John Benson, Howard Gospel and Ying Zhu.
|
| 260 |
|
|
|a New York :
|b Routledge,
|c 2013.
|
| 300 |
|
|
|a xxii, 266 p. :
|b ill.
|
| 490 |
1 |
|
|a Routledge studies in the growth economies of Asia ;
|v 118
|
| 504 |
|
|
|a Includes bibliographical references and index.
|
| 505 |
0 |
|
|a Workforce development in Asia / John Benson, Howard Gospel and Ying Zhu -- Workforce development in theory and practice / Howard Gospel -- Workforce development in Japan / John Benson -- Workforce development in South Korea / Chris Rowley and Kil-Sang Yoo -- Workforce development in Singapore / Chris Leggett -- Workforce development in Hong Kong / Sek Hong Ng and Olivia Ip -- Workforce development in China / Ying Zhu and Malcolm Warner -- Workforce development in Taiwan / Ying Zhu and Malcolm Warner -- Workforce development in India / Debashish Bhattacherjee and Errol D'Souza -- Workforce development in Malaysia / Nagiah Ramasamy and Chris Rowley -- Workforce development in Asia : a comparative analysis / Ying Zhu, John Benson and Howard Gospel.
|
| 520 |
|
|
|a "Asia has undergone rapid transformation over the past several decades as many countries have embraced new technologies and the processes of globalisation. Focusing on a number of developed and developing Asian economies, this book explores the dynamics of workforce development and skill formation, and considers questions of both skills shortages and skills gaps"--
|c Provided by publisher.
|
| 533 |
|
|
|a Electronic reproduction. Ann Arbor, MI : ProQuest, 2015. Available via World Wide Web. Access may be limited to ProQuest affiliated libraries.
|
| 650 |
|
0 |
|a Occupational training
|z Asia.
|
| 650 |
|
0 |
|a Skilled labor
|x Training of
|z Asia.
|
| 650 |
|
0 |
|a Labor supply
|z Asia.
|
| 650 |
|
0 |
|a Labor and globalization
|z Asia.
|
| 655 |
|
4 |
|a Electronic books.
|
| 700 |
1 |
|
|a Benson, John,
|d 1948-
|
| 700 |
1 |
|
|a Gospel, Howard F.
|
| 700 |
1 |
|
|a Zhu, Ying,
|d 1961-
|
| 710 |
2 |
|
|a ProQuest (Firm)
|
| 830 |
|
0 |
|a Routledge studies in the growth economies of Asia ;
|v 118.
|
| 856 |
4 |
0 |
|u https://ebookcentral.proquest.com/lib/matrademy/detail.action?docID=1207557
|z Click to View
|